Formuła 1 - składy zespołów 1993 - Statystyki

Ogólne statystyki
  • Ten quiz został rozwiązany 12 razy
  • Średni wynik to 11 z 35
Statystyki odpowiedzi
Zespół Kraj Zawodnik Rundy % Poprawnych
Williams Francja Alain Prost
100%
McLaren Brazylia Ayrton Senna
100%
Benetton Niemcy Michael Schumacher
100%
Finlandia Mika Hakkinen
75%
W.Brytania Damon Hill
67%
Austria Gerhard Berger
67%
Ferrari Francja Jean Alesi
67%
Jordan Brazylia Rubens Barrichello
50%
Tyrrell Włochy Andrea De Cesaris
42%
Finlandia JJ Lehto
42%
Lotus W.Brytania Johnny Herbert
33%
Ligier W.Brytania Martin Brundle
33%
USA Michael Andretti
33%
Włochy Riccardo Patrese
33%
Japonia Aguri Suzuki
25%
Minardi Brazylia Christian Fittipaldi 1-14
25%
Włochy Luca Badoer 1-14
25%
Lola Włochy Michele Alboreto 1-14
25%
Japonia Toshio Suzuki 15-16
25%
Włochy Alessandro Zanardi
17%
W.Brytania Eddie Irvine 15-16
17%
Sauber Austria Karl Wendlinger
17%
W.Brytania Mark Blundell
17%
Japonia Ukyo Katayama
17%
Larrousse Francja Eric Comas
8%
Włochy Ivan Capelli 1-2
8%
Portugalia Pedro Lamy
8%
Włochy Pierluigi Martini 9-16
8%
Footwork W.Brytania Derek Warwick
0%
Włochy Emanuele Naspetti 14
0%
Włochy Fabrizio Barbazza 1-8
0%
Francja Jean-Marc Gounon 15-16
0%
Włochy Marco Apicella 13
0%
Francja Philippe Alliot 1-14
0%
Belgia Thierry Boutsen 3-12
0%
Nie znaleziono quizów pasujących do podanych kryteriów
Rozkład punktacji
Procent ludzi z każdym wynikiem
Percentyl według liczby udzielonych odpowiedzi
Twoja historia wyników
Nie rozwiązałeś tego quizu